[Event "Siegener SV 1 - SV Kamen 1"]
[Site "NRW-Klasse, Gruppe 2 2016/201"]
[Date "2016.12.11"]
[Round "4.8"]
[White "Besser, Jochen"]
[Black "Traunecker, Thomas"]
[Result "1-0"]
[WhiteElo "1848"]
[BlackElo "1868"]
[PlyCount "65"]
[EventDate "2016.??.??"]
[WhiteTeam "Siegener SV 1"]
[BlackTeam "SV Kamen 1"]

1. d4 d5 2. Nf3 Nf6 3. e3 e6 4. Bd3 c5 5. b3 Nc6 6. Bb2 cxd4 7. exd4 Bb4+ 8. c3
Bd6 9. Qe2 O-O 10. Ne5 Bxe5 11. dxe5 Nd7 12. f4 Re8 13. O-O Nc5 14. Bc2 g6 15.
Na3 a6 16. Rad1 Na4 17. Ba1 Qe7 18. Nb1 Qc5+ 19. Kh1 Nb6 20. Nd2 Bd7 21. Nf3
Rac8 22. Bd3 Qe7 23. Ng5 h6 24. Nh3 Nb8 25. Nf2 Bc6 26. Ng4 Kg7 27. Qe3 N6d7
28. f5 Qg5 29. fxg6 fxg6 30. Rf7+ Kh8 31. Qxg5 hxg5 32. Bxg6 Rf8 33. Rh7+ 1-0

[Event "Herforder SV Königsspringer 1 - SG Boch"]
[Site "NRW-Klasse, Gruppe 2 2016/201"]
[Date "2016.12.11"]
[Round "4.1"]
[White "Tkachuk, Konstantyn"]
[Black "Kirnos, Evgeni"]
[Result "1-0"]
[WhiteElo "2247"]
[BlackElo "2156"]
[PlyCount "65"]
[EventDate "2016.??.??"]
[WhiteTeam "SG Bochum 2"]
[BlackTeam "Herforder SV Königsspringer 1"]

1. e4 e5 2. Nf3 d6 3. d4 exd4 4. Nxd4 Nf6 5. Bd3 Nc6 6. Nxc6 bxc6 7. O-O Be7 8.
c4 O-O 9. Nc3 Nd7 10. Be3 Bf6 11. f4 a5 12. Qc2 g6 13. Rad1 Bg7 14. c5 Qe7 15.
Bc4 d5 16. Bxd5 Bb7 17. Bb3 Rfe8 18. Qf2 Bxc3 19. bxc3 Nf6 20. Qh4 Nxe4 21. Qh6
Nxc3 22. Rde1 Qf8 23. Qh3 Nd5 24. f5 a4 25. fxg6 hxg6 26. Bd4 f6 27. Bxf6 Rxe1
28. Qh8+ Kf7 29. Bxd5+ cxd5 30. Qh7+ Ke6 31. Rxe1+ Kxf6 32. Rf1+ Kg5 33. h4+
1-0

[Event "Herforder SV Königsspringer 1 - SG Boch"]
[Site "NRW-Klasse, Gruppe 2 2016/201"]
[Date "2016.12.11"]
[Round "4.2"]
[White "Nordsieck, Thomas"]
[Black "Rempe, Moritz"]
[Result "1-0"]
[WhiteElo "2287"]
[BlackElo "2031"]
[Annotator "Hausrath,Daniel"]
[PlyCount "133"]
[EventDate "2016.??.??"]
[WhiteTeam "Herforder SV Königsspringer 1"]
[BlackTeam "SG Bochum 2"]

1. e4 e6 2. d4 d5 3. Nc3 Nf6 4. e5 Nfd7 5. f4 a6 6. Nf3 c5 7. Be3 Nc6 8. Qd2
cxd4 9. Nxd4 Nxd4 10. Bxd4 Bc5 11. O-O-O b5 12. h4 Qb6 13. Ne2 Bb7 14. Rh3 Bxd4
15. Nxd4 Nc5 16. Qe3 O-O-O 17. h5 Kb8 18. g4 Rde8 19. h6 g6 20. Bg2 Qc7 21. g5
Rc8 22. Rd2 Rhd8 23. Rh1 Qb6 24. Rhd1 Rc7 25. Kb1 Ka7 26. Ne2 Nd7 27. Qxb6+
Kxb6 28. b3 a5 29. Kb2 Nc5 30. Rd4 Rdc8 31. R1d2 Na6 32. a3 Nb8 33. R4d3 Nd7
34. Ng3 Nc5 35. Rd4 Na6 36. Nf1 Nb8 37. Ne3 Rc3 38. Ng4 Nd7 39. R4d3 Rxd3 $11
40. Rxd3 Rc7 41. Rd4 Ba6 42. Bf3 Kc5 43. c3 Kb6 44. Ne3 Bb7 45. a4 bxa4 46.
Rxa4 Bc6 47. Rd4 Kc5 48. Ng4 Rb7 49. Be2 Bb5 50. Bxb5 Rxb5 51. Kc2 Rb8 52. Ra4
Ra8 53. Nf6 Nxf6 54. exf6 Kb5 55. Kd3 Rc8 56. Kd4 Rc6 57. Ra1 Ra6 58. Rb1 Rb6
59. Ra1 Ra6 60. Ke5 Rc6 61. Rc1 Kc5 62. Rd1 Rb6 63. Ra1 Rb5 64. Rxa5 Rxa5 65.
b4+ Kb6 66. bxa5+ Kxa5 67. Kd6 1-0

[Event "Herforder SV Königsspringer 1 - SG Boch"]
[Site "NRW-Klasse, Gruppe 2 2016/201"]
[Date "2016.12.11"]
[Round "4.3"]
[White "Koellner, Ruben Gideon"]
[Black "Wolf, Andre"]
[Result "1/2-1/2"]
[WhiteElo "2029"]
[BlackElo "2195"]
[PlyCount "114"]
[EventDate "2016.??.??"]
[WhiteTeam "SG Bochum 2"]
[BlackTeam "Herforder SV Königsspringer 1"]

1. d4 d5 2. Nc3 Nf6 3. Bf4 c5 4. e3 cxd4 5. exd4 a6 6. Nf3 Nc6 7. Be2 Bg4 8.
O-O e6 9. Ne5 Bxe2 10. Nxe2 Bd6 11. Nxc6 bxc6 12. c3 O-O 13. b4 Ne4 14. Qc2 Qc7
15. Bxd6 Nxd6 16. Nc1 Nc4 17. Re1 a5 18. Nd3 axb4 19. Nxb4 c5 20. Nd3 Na3 21.
Qd2 cxd4 22. cxd4 Qc2 23. Re2 Qxd2 24. Rxd2 Rfc8 25. Rc1 Nc4 26. Rdc2 f6 27. f4
Ra3 28. Nc5 e5 29. fxe5 fxe5 30. Nb3 exd4 31. Rd1 Rf8 32. Rxd4 Ne3 33. Rf2 Rxa2
34. Rxf8+ Kxf8 35. Rd2 Rxd2 36. Nxd2 Ke7 37. Kf2 Ng4+ 38. Kf3 Ne5+ 39. Kf4 Kf6
40. Nb3 Ng6+ 41. Ke3 Ke5 42. g3 Ne7 43. Kd3 Nf5 44. Nd2 h5 45. Nf3+ Kf6 46. Ng1
g5 47. Nf3 g4 48. Ng1 Ke5 49. Ne2 h4 50. gxh4 Nxh4 51. Ke3 Nf5+ 52. Kf2 d4 53.
h3 g3+ 54. Nxg3 Nxg3 55. Kxg3 Ke4 56. Kf2 Kd3 57. h4 Kc2 1/2-1/2

[Event "Herforder SV Königsspringer 1 - SG Boch"]
[Site "NRW-Klasse, Gruppe 2 2016/201"]
[Date "2016.12.11"]
[Round "4.4"]
[White "Pieper-Emden, Carsten"]
[Black "Stricker, Florian"]
[Result "1/2-1/2"]
[WhiteElo "2161"]
[BlackElo "1994"]
[PlyCount "45"]
[EventDate "2016.??.??"]
[WhiteTeam "Herforder SV Königsspringer 1"]
[BlackTeam "SG Bochum 2"]

1. Nf3 Nf6 2. c4 c5 3. g3 Nc6 4. Bg2 g6 5. b3 Bg7 6. Bb2 O-O 7. O-O d6 8. d3 e5
9. Nc3 a6 10. Ne1 Nh5 11. e4 Rb8 12. Nd5 Nd4 13. Nc2 Be6 14. Nxd4 cxd4 15. f4
Bxd5 16. cxd5 exf4 17. g4 Nf6 18. Rxf4 Nd7 19. Kh1 Rc8 20. Qg1 Qb6 21. Raf1 Rc2
22. R4f2 Rc3 23. Rd2 1/2-1/2

[Event "Herforder SV Königsspringer 1 - SG Boch"]
[Site "NRW-Klasse, Gruppe 2 2016/201"]
[Date "2016.12.11"]
[Round "4.5"]
[White "Tkachuk, Sergij"]
[Black "Bentel, Robin"]
[Result "1-0"]
[WhiteElo "2102"]
[BlackElo "1974"]
[PlyCount "109"]
[EventDate "2016.??.??"]
[WhiteTeam "SG Bochum 2"]
[BlackTeam "Herforder SV Königsspringer 1"]

1. e4 c5 2. Nf3 d6 3. d4 cxd4 4. Nxd4 Nf6 5. Nc3 a6 6. Bc4 e6 7. Bb3 Nbd7 8.
Be3 Nc5 9. f3 Be7 10. g4 O-O 11. g5 Nfd7 12. h4 Re8 13. Qd2 Qc7 14. h5 Nf8 15.
Qh2 Nxb3 16. axb3 Bd7 17. g6 Bf6 18. gxf7+ Kxf7 19. O-O-O b5 20. Rhg1 b4 21.
Na4 Rac8 22. Bg5 Bxd4 23. Rxd4 Bxa4 24. bxa4 b3 25. c3 e5 26. Rb4 Ne6 27. Rxb3
Nc5 28. Ra3 Rb8 29. Rd1 Rb6 30. Be3 Reb8 31. Ra2 Rb3 32. Bxc5 Qxc5 33. Qd2 Ke6
34. Qd5+ Qxd5 35. Rxd5 Rf8 36. Rd3 Rf4 37. Kc2 Rb7 38. Ra1 Rh4 39. Rad1 Rb6 40.
a5 Rc6 41. b4 Rxh5 42. Kb3 Rh6 43. c4 Kd7 44. b5 Rc5 45. Kb4 Kc7 46. Rd5 Rxd5
47. Rxd5 Rh1 48. bxa6 h5 49. a7 Kb7 50. Rxd6 Kxa7 51. Rd7+ Ka6 52. Rxg7 Rf1 53.
Rg6+ Kb7 54. Rh6 Rxf3 55. Rxh5 1-0

[Event "Herforder SV Königsspringer 1 - SG Boch"]
[Site "NRW-Klasse, Gruppe 2 2016/201"]
[Date "2016.12.11"]
[Round "4.6"]
[White "Hanisch, Bernd"]
[Black "Mazarov, Juergen"]
[Result "0-1"]
[WhiteElo "2002"]
[BlackElo "2065"]
[PlyCount "58"]
[EventDate "2016.??.??"]
[WhiteTeam "Herforder SV Königsspringer 1"]
[BlackTeam "SG Bochum 2"]

1. c4 c5 2. Nf3 Nf6 3. d4 cxd4 4. Nxd4 b6 5. Nc3 Bb7 6. Bg5 d6 7. Bxf6 gxf6 8.
e4 Nc6 9. g3 Qd7 10. Bg2 O-O-O 11. O-O e6 12. a4 Kb8 13. Nxc6+ Qxc6 14. a5 Qxc4
15. axb6 axb6 16. Ra4 Qc5 17. Qb3 Rc8 18. Rfa1 Be7 19. Ra7 Qc6 20. Nb5 f5 21.
Qa4 Rcd8 22. Ra3 d5 23. exd5 Qc1+ 24. Bf1 Bxa3 25. bxa3 Rxd5 26. Rxb7+ Kxb7 27.
Qa7+ Kc8 28. Qa8+ Kd7 29. Qxh8 Rxb5 0-1

[Event "Herforder SV Königsspringer 1 - SG Boch"]
[Site "NRW-Klasse, Gruppe 2 2016/201"]
[Date "2016.12.11"]
[Round "4.7"]
[White "Haase, Thomas"]
[Black "Quelle, Helmut"]
[Result "1/2-1/2"]
[WhiteElo "2014"]
[BlackElo "2031"]
[PlyCount "122"]
[EventDate "2016.??.??"]
[WhiteTeam "SG Bochum 2"]
[BlackTeam "Herforder SV Königsspringer 1"]

1. Nf3 Nf6 2. g3 g6 3. Bg2 Bg7 4. O-O O-O 5. d4 d5 6. c4 c6 7. Nbd2 Bf5 8. b3
Ne4 9. Bb2 Na6 10. Ne1 Nxd2 11. Qxd2 Qd7 12. e3 Bh3 13. cxd5 Bxg2 14. Kxg2
Qxd5+ 15. f3 Rfd8 16. Qe2 e5 17. Nc2 exd4 18. Bxd4 Bxd4 19. Nxd4 Rd7 20. Rf2
Rad8 21. Rc1 Nc7 22. Rc2 Qe5 23. f4 Qe4+ 24. Qf3 Re8 25. Qxe4 Rxe4 26. Kf3 f5
27. Rcd2 Nd5 28. Nc2 Rde7 29. Rd3 a5 30. a3 Kf7 31. h3 h6 32. Re2 a4 33. bxa4
Rxa4 34. Nd4 Rc4 35. g4 Kf6 36. gxf5 gxf5 37. Nc2 Nxf4 38. Rd6+ Re6 39. Red2
Nxh3 40. Rxe6+ Kxe6 41. Nd4+ Ke5 42. Rh2 Ng5+ 43. Ke2 c5 44. Kd3 Ra4 45. Nc2
Ra6 46. Kc4 Ne4 47. Kb3 b5 48. Ne1 Kd5 49. Rh5 c4+ 50. Kb4 Ra4+ 51. Kxb5 Rxa3
52. Rxf5+ Ke6 53. Rh5 Nd6+ 54. Kc6 Ra6+ 55. Kc7 Ra7+ 56. Kc6 Rh7 57. Nf3 Nf7
58. Kc5 c3 59. Kc4 c2 60. Nd4+ Kf6 61. Nxc2 Kg6 1/2-1/2

[Event "Herforder SV Königsspringer 1 - SG Boch"]
[Site "NRW-Klasse, Gruppe 2 2016/201"]
[Date "2016.12.11"]
[Round "4.8"]
[White "Stoimenov, Ivan"]
[Black "Butschek, Marc"]
[Result "0-1"]
[WhiteElo "1971"]
[BlackElo "1961"]
[Annotator "Hausrath,Daniel"]
[PlyCount "66"]
[EventDate "2016.??.??"]
[WhiteTeam "Herforder SV Königsspringer 1"]
[BlackTeam "SG Bochum 2"]

1. c4 f5 2. Nc3 Nf6 3. g3 g6 4. Bg2 Bg7 5. d3 O-O 6. Nf3 Nc6 7. O-O d6 8. Bg5
Be6 9. Qd2 Bf7 10. Rab1 e5 11. e4 Qd7 12. Nd5 fxe4 13. Bxf6 Bxd5 14. cxd5 exf3
15. dxc6 bxc6 16. Bxg7 fxg2 17. Kxg2 Qxg7 18. Qc3 c5 19. f3 Qf7 20. b3 a5 21.
Rf2 Qd5 22. h4 $11 Rf5 23. Re1 a4 24. Re4 axb3 25. axb3 Rb8 26. b4 cxb4 27.
Rxb4 Rxb4 28. Qxb4 Qxd3 29. Qb8+ Rf8 30. Qxc7 e4 31. f4 e3 32. Qc2 Qd5+ 33. Rf3
Ra8 0-1

[Event "SF Katernberg 2 - Bochumer SV 1"]
[Site "NRW-Klasse, Gruppe 1 2016/201"]
[Date "2016.09.25"]
[Round "1.1"]
[White "Zatonskih, Anna"]
[Black "Wessendorf, Thomas"]
[Result "1-0"]
[WhiteElo "2445"]
[BlackElo "2218"]
[PlyCount "103"]
[EventDate "2016.??.??"]
[WhiteTeam "Bochumer SV 1"]
[BlackTeam "SF Katernberg 2"]

1. d4 d5 2. Nf3 c5 3. c3 cxd4 4. cxd4 Nc6 5. Nc3 Nf6 6. Bf4 Qb6 7. Na4 Qa5+ 8.
Bd2 Qc7 9. Rc1 Bf5 10. e3 Nd7 11. Qb3 e6 12. Be2 Bd6 13. O-O O-O 14. a3 Rab8
15. Qa2 Rfc8 16. b4 b5 17. Nc5 Bxc5 18. dxc5 Nde5 19. Bc3 Nc4 20. Rfd1 Rd8 21.
Nd2 Bg6 22. Ba1 Ra8 23. e4 a5 24. exd5 exd5 25. Nxc4 dxc4 26. Qb2 f6 27. bxa5
Rxa5 28. a4 Rxa4 29. Rxd8+ Nxd8 30. Qxb5 Ra5 31. Qxc4+ Bf7 32. Qb4 Nc6 33. Qe4
h6 34. h3 Ne7 35. Bd4 Bd5 36. Qc2 Ra2 37. Qd3 Qc6 38. Bf1 Qe6 39. Qe3 Qf7 40.
Qf4 Nc6 41. Bc3 Kh8 42. Bd3 Qd7 43. Bb1 Re2 44. Rd1 Qe6 45. Bd3 Ra2 46. Re1 Qd7
47. Bxf6 Kg8 48. Qg3 Ra8 49. Qg6 Kf8 50. Bc3 Qf7 51. Qd6+ Ne7 52. Rxe7 1-0

[Event "SF Katernberg 2 - Bochumer SV 1"]
[Site "NRW-Klasse, Gruppe 1 2016/201"]
[Date "2016.09.25"]
[Round "1.2"]
[White "Rosen, Bernd"]
[Black "Illner, Achim"]
[Result "1-0"]
[WhiteElo "2216"]
[BlackElo "2445"]
[Annotator "Hausrath,Daniel"]
[PlyCount "83"]
[EventDate "2016.??.??"]
[WhiteTeam "SF Katernberg 2"]
[BlackTeam "Bochumer SV 1"]

1. Nf3 d5 2. g3 Nc6 3. c4 d4 4. d3 e5 5. Bg2 Nf6 6. O-O Nd7 7. Na3 Be7 8. Nc2
a5 9. a3 O-O 10. b3 f5 11. Bd2 Nf6 12. Be1 e4 13. dxe4 Nxe4 14. Nfxd4 Nxd4 15.
Qxd4 Bf6 16. Qxd8 Rxd8 17. Rb1 Be6 18. Ne3 h5 19. a4 c6 20. Bxe4 fxe4 21. Kg2
b5 22. Rc1 b4 23. Rc2 Ra7 24. Bd2 Rad7 25. Bc1 Kh7 26. h3 Kg6 27. Kh2 $11 Be5
28. Kg2 c5 29. Nd5 Bxd5 30. cxd5 Rxd5 31. Rc4 Kf5 32. g4+ hxg4 33. hxg4+ Kxg4
$11 34. f3+ Kh5 35. fxe4 Rd4 36. Rxc5 Rxe4 37. Rf5+ Kg6 38. Rcxe5 Rxe2+ 39. Kf3
Rc2 40. Rg5+ Kf6 41. Be3 Rc3 42. Ke4 1-0

[Event "SF Katernberg 2 - Bochumer SV 1"]
[Site "NRW-Klasse, Gruppe 1 2016/201"]
[Date "2016.09.25"]
[Round "1.3"]
[White "Schneider, Bernd"]
[Black "Bee, Marcus"]
[Result "1/2-1/2"]
[WhiteElo "2322"]
[BlackElo "2117"]
[PlyCount "93"]
[EventDate "2016.??.??"]
[WhiteTeam "Bochumer SV 1"]
[BlackTeam "SF Katernberg 2"]

1. c4 d6 2. Nc3 e5 3. g3 f5 4. Bg2 Nf6 5. d4 Be7 6. e3 c6 7. Nge2 O-O 8. b4 Be6
9. d5 Bf7 10. Rb1 Kh8 11. O-O cxd5 12. Nxd5 Nxd5 13. Bxd5 Bxd5 14. Qxd5 Qc7 15.
Ba3 Nd7 16. Rfc1 Nf6 17. Qe6 Qd7 18. Qxd7 Nxd7 19. Rb3 b6 20. Nc3 Nf6 21. Nd5
Nxd5 22. cxd5 b5 23. Rc7 Bd8 24. Rd7 Bb6 25. Rxd6 Rfd8 26. Rxd8+ Rxd8 27. Rd3
e4 28. Rd2 Kg8 29. Kf1 Kf7 30. Ke2 Ke7 31. Bb2 g6 32. Be5 Rc8 33. Kd1 Rc4 34.
a3 Kd7 35. h3 a6 36. Rc2 Rxc2 37. Kxc2 Bd8 38. Kc3 Bb6 39. Bd4 Bd8 40. Bc5 Bf6+
41. Kb3 Be5 42. a4 Bf6 43. axb5 axb5 44. Kc2 Be5 45. Kd2 Bc7 46. Ke2 Be5 47.
Kd2 1/2-1/2

[Event "SF Katernberg 2 - Bochumer SV 1"]
[Site "NRW-Klasse, Gruppe 1 2016/201"]
[Date "2016.09.25"]
[Round "1.4"]
[White "Gassmann, Volker"]
[Black "Heinbuch, Detlef Ulrich"]
[Result "0-1"]
[WhiteElo "2117"]
[BlackElo "2247"]
[Annotator "Hausrath,Daniel"]
[PlyCount "150"]
[EventDate "2016.??.??"]
[WhiteTeam "SF Katernberg 2"]
[BlackTeam "Bochumer SV 1"]

1. c4 c5 2. Nf3 b6 3. d4 cxd4 4. Nxd4 Bb7 5. Nc3 Nf6 6. f3 d6 7. e4 Nbd7 8. Be2
a6 9. Be3 e6 10. O-O Be7 11. Qd2 O-O 12. Rfc1 Qc7 13. Bf1 Rac8 14. Qf2 Qb8 15.
a4 Bd8 16. Nb3 Nc5 17. Nd2 a5 18. Nb5 Nfd7 19. Ra3 Bf6 20. Rb1 Bc6 21. b4 axb4
22. Rxb4 Bxb5 23. Rxb5 Qc7 24. a5 bxa5 25. Rbxa5 Rb8 26. Ra2 Rb2 27. Rxb2 Qxa5
28. Nb3 Nxb3 29. Rxb3 Rc8 30. Rd3 Rc6 31. Rd1 g6 32. g3 Qc7 33. Qd2 Ne5 34. Kg2
h5 35. Bf4 $11 Rb6 36. Rc1 Rb3 37. Be2 Qc5 38. Rc2 Kg7 39. Bh6+ Kg8 40. Bf4 Kh7
41. Bh6 Nd7 42. h4 Bd8 43. Rc3 Ba5 44. Rxb3 Bxd2 45. Bxd2 Ne5 46. Be3 Qc6 47.
Rb6 Qc7 48. Bf2 Nd7 49. Ra6 Nc5 50. Ra2 f5 51. exf5 gxf5 52. Be3 Qb7 53. Rd2
Qc6 54. Kf2 Kg6 55. Rd1 Nd7 56. Rb1 Nc5 57. Rd1 Na4 58. Rd3 e5 59. Rb3 Qc7 60.
Ra3 f4 61. gxf4 exf4 62. Bd4 Nc5 63. Kf1 Qb7 64. Kg2 Kf5 65. Ra5 Qb4 66. Rb5
Qd2 67. Bxc5 dxc5 68. Rxc5+ Ke6 69. Kf1 Qc1+ 70. Kg2 Qe1 71. Bf1 Qg3+ 72. Kh1
Qf2 73. Bh3+ Kd6 74. Rd5+ Kc6 75. Rxh5 Qe1+ 0-1

[Event "SF Katernberg 2 - Bochumer SV 1"]
[Site "NRW-Klasse, Gruppe 1 2016/201"]
[Date "2016.09.25"]
[Round "1.5"]
[White "Wolter, Detlev"]
[Black "Villwock, Martin"]
[Result "1/2-1/2"]
[WhiteElo "2197"]
[BlackElo "2087"]
[PlyCount "116"]
[EventDate "2016.??.??"]
[WhiteTeam "Bochumer SV 1"]
[BlackTeam "SF Katernberg 2"]

1. d4 Nf6 2. Bg5 c5 3. d5 Ne4 4. Bc1 g6 5. f3 Qa5+ 6. c3 Nd6 7. e4 Bg7 8. Bf4
Qb6 9. Qc2 O-O 10. Nd2 e6 11. e5 Ne8 12. Bc4 exd5 13. Bxd5 Nc7 14. Bb3 Nc6 15.
e6 Nxe6 16. Bd6 Nb4 17. cxb4 Qxd6 18. Ne2 Nd4 19. Qxc5 Qxc5 20. bxc5 Re8 21.
Ne4 d5 22. Bxd5 Nc2+ 23. Kf2 Nxa1 24. Rxa1 Re7 25. N2c3 Be6 26. Rd1 Rd8 27.
Bxe6 Rxd1 28. Bxf7+ Rxf7 29. Nxd1 Rc7 30. Ke3 b6 31. b4 Bf8 32. Ndc3 bxc5 33.
Nd5 Rc6 34. b5 Rc8 35. Kd3 c4+ 36. Kc3 h6 37. a4 Kf7 38. b6 Ke6 39. Nc7+ Kd7
40. a5 axb6 41. axb6 Kc6 42. Ne6 Be7 43. Kxc4 Kxb6+ 44. Kd3 Kc6 45. Nf4 g5 46.
Ng6 Bd6 47. h4 gxh4 48. Nxh4 Bf4 49. Ng6 Rd8+ 50. Kc4 Bc7 51. Ne7+ Kd7 52. Nf5
Bf4 53. g3 Rf8 54. Nc5+ Ke8 55. Ne6 Rxf5 56. Ng7+ Kf7 57. Nxf5 Kf6 58. g4 h5
1/2-1/2

[Event "SF Katernberg 2 - Bochumer SV 1"]
[Site "NRW-Klasse, Gruppe 1 2016/201"]
[Date "2016.09.25"]
[Round "1.6"]
[White "Imcke, Patrick"]
[Black "Kiese, Matthias"]
[Result "1/2-1/2"]
[WhiteElo "2042"]
[BlackElo "2186"]
[Annotator "Hausrath,Daniel"]
[PlyCount "96"]
[EventDate "2016.??.??"]
[WhiteTeam "SF Katernberg 2"]
[BlackTeam "Bochumer SV 1"]

1. e4 c5 2. Nf3 d6 3. d4 cxd4 4. Nxd4 Nf6 5. Nc3 a6 6. Be2 e5 7. Nf3 Be7 8. Bg5
Nbd7 9. O-O O-O 10. a4 Qc7 11. Nh4 Nc5 12. Bf3 g6 13. g3 Be6 14. Ng2 Ncd7 15.
Ne3 Rac8 16. Qd2 Rfe8 17. h4 Bf8 18. h5 h6 19. Bxf6 Nxf6 20. Rfd1 Qc5 21. a5
Qb4 22. hxg6 fxg6 23. Na4 Qxd2 24. Rxd2 h5 25. c3 Rc6 26. Nd5 Bxd5 27. exd5 Rc7
28. Re1 Bh6 29. Rde2 Rf8 30. Bg2 Kg7 $11 31. Bh3 Nh7 32. Nb6 $11 Ng5 33. Bg2
Nf3+ 34. Bxf3 Rxf3 35. Kg2 Rd3 36. Ra1 g5 37. Rc2 g4 38. c4 Bg5 39. b4 Be7 40.
Rb1 Kg6 41. Kf1 Bf8 42. Ke2 e4 43. Rd2 Rc3 44. Rd4 Kf5 45. Rh1 $11 Rh7 46. Rdd1
Rc2+ 47. Rd2 Rc3 48. Rdd1 Rc2+ 1/2-1/2

[Event "SF Katernberg 2 - Bochumer SV 1"]
[Site "NRW-Klasse, Gruppe 1 2016/201"]
[Date "2016.09.25"]
[Round "1.7"]
[White "Pewny, Uwe"]
[Black "Kueppers, Timo"]
[Result "0-1"]
[WhiteElo "2204"]
[BlackElo "1987"]
[PlyCount "98"]
[EventDate "2016.??.??"]
[WhiteTeam "Bochumer SV 1"]
[BlackTeam "SF Katernberg 2"]

1. e4 c5 2. Nf3 d6 3. d4 cxd4 4. Nxd4 Nf6 5. Nc3 g6 6. Be2 Bg7 7. g4 Nc6 8. Nb3
h5 9. g5 Nd7 10. Be3 Nb6 11. f4 Be6 12. Qd2 Nc4 13. Bxc4 Bxc4 14. O-O-O O-O 15.
Kb1 a5 16. Nd4 a4 17. Nxc6 bxc6 18. Bd4 e5 19. Be3 Qa5 20. f5 Rfd8 21. a3 d5
22. Na2 Qxd2 23. Rxd2 gxf5 24. exf5 d4 25. Bf2 e4 26. f6 e3 27. Bxe3 dxe3 28.
Rxd8+ Rxd8 29. fxg7 Bxa2+ 30. Kxa2 e2 31. Re1 Rd2 32. b4 Rxc2+ 33. Kb1 Rd2 34.
Kc1 Ra2 35. Kb1 Rxa3 36. Rxe2 Rb3+ 37. Ka2 Rxb4 38. Rc2 Kxg7 39. Rxc6 Rg4 40.
Ka3 Rxg5 41. Kxa4 Rg2 42. Kb3 Rxh2 43. Kc3 Re2 44. Kd3 Re6 45. Rc5 Kg6 46. Rc8
h4 47. Rg8+ Kh5 48. Rg7 h3 49. Rxf7 h2 0-1

[Event "SF Katernberg 2 - Bochumer SV 1"]
[Site "NRW-Klasse, Gruppe 1 2016/201"]
[Date "2016.09.25"]
[Round "1.8"]
[White "Rosen, Willy"]
[Black "Jellinghaus, Lars"]
[Result "1-0"]
[WhiteElo "2144"]
[BlackElo "2087"]
[PlyCount "93"]
[EventDate "2016.??.??"]
[WhiteTeam "SF Katernberg 2"]
[BlackTeam "Bochumer SV 1"]

1. e4 e6 2. d4 d5 3. Nc3 Nf6 4. Bg5 Be7 5. e5 Nfd7 6. Bxe7 Qxe7 7. f4 O-O 8.
Nf3 c5 9. dxc5 Nc6 10. Qd2 Qxc5 11. Bd3 f6 12. exf6 Rxf6 13. O-O-O Nb6 14. Rhe1
Nc4 15. Bxc4 Qxc4 16. g3 Bd7 17. Ne5 Nxe5 18. Rxe5 Raf8 19. Qd4 Qxd4 20. Rxd4
Rf5 21. Rxf5 Rxf5 22. Nd1 Rf8 23. Kd2 Bc6 24. Ne3 g5 25. Ng4 gxf4 26. gxf4 Kf7
27. Ne5+ Kf6 28. Ke3 Rg8 29. Rd2 Kf5 30. Rf2 Bb5 31. Nf3 Be8 32. Nd4+ Kf6 33.
c3 Rg4 34. b3 Bg6 35. Nb5 a6 36. Nd6 b5 37. Kd4 e5+ 38. Kxd5 Rxf4 39. Rxf4+
exf4 40. Kd4 Bb1 41. a3 Kg5 42. c4 bxc4 43. bxc4 Ba2 44. c5 f3 45. c6 Kf4 46.
c7 Be6 47. Kd3 1-0

[Event "SF Lieme 1 - Bielefelder SK 1"]
[Site "NRW-Klasse, Gruppe 1 2016/201"]
[Date "2016.09.25"]
[Round "1.1"]
[White "Forchert, Martin"]
[Black "Essing, Arnold"]
[Result "1-0"]
[WhiteElo "2249"]
[BlackElo "2186"]
[PlyCount "161"]
[EventDate "2016.??.??"]
[WhiteTeam "Bielefelder SK 1"]
[BlackTeam "SF Lieme 1"]

1. e4 c5 2. Nf3 e6 3. d4 cxd4 4. Nxd4 Qb6 5. Nb3 Qc7 6. c4 Nf6 7. Nc3 a6 8. Be3
d6 9. Be2 Nbd7 10. O-O b6 11. f3 Be7 12. a4 Rb8 13. Qd2 O-O 14. Rfc1 Nc5 15.
Qd1 Nxb3 16. Qxb3 Rd8 17. Rc2 Qb7 18. Rd1 Bd7 19. Rcd2 Be8 20. a5 Nd7 21. axb6
Nc5 22. Qa3 Nd7 23. Ra1 Ra8 24. Qa5 Rdb8 25. Na4 Ne5 26. Qc3 Bxa4 27. Rxa4 Nc6
28. b4 e5 29. c5 Nd4 30. Bc4 dxc5 31. Bd5 Qxb6 32. Bxa8 cxb4 33. Qc4 Rxa8 34.
Kf2 Bc5 35. Rda2 a5 36. Qd5 Re8 37. Rxa5 b3 38. Ra8 Rxa8 39. Rxa8+ Bf8 40. Bxd4
exd4 41. Qd8 Qc5 42. Rc8 Qb4 43. Rb8 Qc5 44. Qb6 Qg5 45. Qxd4 g6 46. g3 h5 47.
f4 Qa5 48. Qd6 Kh7 49. Rxf8 Qa2+ 50. Kf3 b2 51. Qb8 Qa3+ 52. Kg2 Qxf8 53. Qxf8
b1=Q 54. Qxf7+ Kh6 55. Qf8+ Kh7 56. Qe7+ Kh6 57. f5 Qd1 58. Kf2 Qd2+ 59. Kf3
Qxh2 60. Qf8+ Kg5 61. Qd8+ Kh6 62. f6 Qh1+ 63. Kf4 Qc1+ 64. Ke5 Qc3+ 65. Qd4
Qxg3+ 66. Ke6 Qb3+ 67. Qd5 Qb6+ 68. Ke7 Qc7+ 69. Qd7 Qe5+ 70. Qe6 Qc7+ 71. Kf8
Qd8+ 72. Kf7 Qc7+ 73. Qe7 Qc4+ 74. Kf8 h4 75. f7 Qc8+ 76. Qe8 Qc4 77. Kg8 h3
78. Kh8 Qc3+ 79. e5 h2 80. f8=Q+ Kg5 81. Qf6+ 1-0

[Event "SF Lieme 1 - Bielefelder SK 1"]
[Site "NRW-Klasse, Gruppe 1 2016/201"]
[Date "2016.09.25"]
[Round "1.2"]
[White "Wittke, Rene"]
[Black "Gruen, Gerd-Peter"]
[Result "1-0"]
[WhiteElo "2191"]
[BlackElo "2214"]
[PlyCount "69"]
[EventDate "2016.??.??"]
[WhiteTeam "SF Lieme 1"]
[BlackTeam "Bielefelder SK 1"]

1. c4 e5 2. g3 Nf6 3. Bg2 c6 4. Nc3 d5 5. cxd5 cxd5 6. d3 d4 7. Ne4 Nxe4 8.
Bxe4 Bb4+ 9. Bd2 Bxd2+ 10. Qxd2 O-O 11. Rc1 h6 12. Qb4 Nc6 13. Qa3 a5 14. Nf3
Bh3 15. Rc5 Nb4 16. Kd2 f5 17. Bd5+ Kh8 18. Qb3 b6 19. Rb5 Rc8 20. Rxb4 axb4
21. Nxe5 Qf6 22. Nd7 Qg5+ 23. f4 Qe7 24. Ne5 Qd6 25. Be6 Rce8 26. Ng6+ Kh7 27.
Nxf8+ Rxf8 28. Rc1 Rf6 29. Bg8+ Kg6 30. Qd5 Qf8 31. Rc6 Rxc6 32. Qxc6+ Kh5 33.
Qe6 g6 34. Bf7 Qg7 35. Qe7 1-0

[Event "SF Lieme 1 - Bielefelder SK 1"]
[Site "NRW-Klasse, Gruppe 1 2016/201"]
[Date "2016.09.25"]
[Round "1.3"]
[White "Kruse, Herbert"]
[Black "Himpenmacher, Andy"]
[Result "1-0"]
[WhiteElo "2138"]
[BlackElo "2169"]
[PlyCount "81"]
[EventDate "2016.??.??"]
[WhiteTeam "Bielefelder SK 1"]
[BlackTeam "SF Lieme 1"]

1. e4 c5 2. Nf3 e6 3. d4 cxd4 4. Nxd4 Nc6 5. Nc3 Qc7 6. Be3 a6 7. Qf3 Bb4 8.
Qg3 Qxg3 9. hxg3 Nf6 10. Nxc6 bxc6 11. Bd3 d5 12. exd5 cxd5 13. Bd4 Bd6 14.
O-O-O Bd7 15. Rde1 Ke7 16. Bxh7 g6 17. Rh4 Bc6 18. g4 Bf4+ 19. Kb1 Bg5 20. Rh3
Kd7 21. f4 Rxh7 22. fxg5 Rxh3 23. gxh3 Ne4 24. Nxe4 dxe4 25. h4 e5 26. Bxe5 Ke6
27. Bf6 Kd5 28. Rd1+ Kc5 29. h5 gxh5 30. gxh5 e3 31. Bd4+ Kb5 32. a4+ Kxa4 33.
Bxe3 Re8 34. Rd4+ Kb5 35. c4+ Kb4 36. Bd2+ Kc5 37. Rf4 Re4 38. Rxf7 Rxc4 39.
Rf5+ Bd5 40. h6 Kd6 41. Rxd5+ 1-0

[Event "SF Lieme 1 - Bielefelder SK 1"]
[Site "NRW-Klasse, Gruppe 1 2016/201"]
[Date "2016.09.25"]
[Round "1.4"]
[White "Schaffarczyk, Andre"]
[Black "Simon, Hans Christian"]
[Result "1-0"]
[WhiteElo "2129"]
[BlackElo "2151"]
[PlyCount "49"]
[EventDate "2016.??.??"]
[WhiteTeam "SF Lieme 1"]
[BlackTeam "Bielefelder SK 1"]

1. e4 e5 2. Nf3 Nf6 3. Nxe5 d6 4. Nf3 Nxe4 5. d4 d5 6. Bd3 Nc6 7. O-O Be7 8.
Nc3 Nxc3 9. bxc3 Bg4 10. Rb1 Rb8 11. Re1 O-O 12. h3 Bh5 13. c4 dxc4 14. Bxc4
Bxf3 15. Qxf3 Qxd4 16. Re4 Qf6 17. Rf4 Qd6 18. Rxf7 Rxf7 19. Qxf7+ Kh8 20. Bf4
Qd4 21. Bxc7 Rf8 22. Qd5 Qxf2+ 23. Kh2 Nd4 24. Rf1 Nf3+ 25. Kh1 1-0